Southville International School and Colleges
Your cart is empty.
  • Cart
  • Lists
    Public lists Eva Luna New books Lux_list list_1
    Your lists Log in to create your own lists
  • Log in to your account
  • Your cookies
  • Search history
Southville International School and Colleges
  • Advanced search
  • Recent comments
  • Most popular
  • Libraries

Log in to your account

Log in with GOOGLE


If you do not have an external account, but do have a local account, you can still log in:

  1. Home
  2. MARC view: Pinoy overseas migration folio /
Normal view MARC view ISBD view

Pinoy overseas migration folio / (Record no. 284700)

[ view plain ]
MARC details
000 -LEADER
fixed length control field 01172cas a2200337 a 4500
001 - CONTROL NUMBER
control field 12477272
003 - CONTROL NUMBER IDENTIFIER
control field PILC
005 - DATE AND TIME OF LATEST TRANSACTION
control field 20150905095056.0
008 - FIXED-LENGTH DATA ELEMENTS--GENERAL INFORMATION
fixed length control field 010719u1996uuuuph uu p 0 0eng
010 ## - LIBRARY OF CONGRESS CONTROL NUMBER
LC control number 99911166
035 ## - SYSTEM CONTROL NUMBER
System control number (OCoLC)ocm47439681
040 ## - CATALOGING SOURCE
Original cataloging agency DLC
Language of cataloging eng
Transcribing agency DLC
Modifying agency NSDP
-- DLC
-- OCoLC
041 0# - LANGUAGE CODE
Language code of text/sound track or separate title engtgl
042 ## - AUTHENTICATION CODE
Authentication code pcc
043 ## - GEOGRAPHIC AREA CODE
Geographic area code a-ph---
050 00 - LIBRARY OF CONGRESS CALL NUMBER
Classification number HD 8711
Item number .P657 2000
245 00 - TITLE STATEMENT
Title Pinoy overseas migration folio /
260 ## - PUBLICATION, DISTRIBUTION, ETC. (IMPRINT)
Place of publication, distribution, etc Quezon City, Philippines :
Name of publisher, distributor, etc Kaibigan ng OCWs, Inc.,
Date of publication, distribution, etc 2000.
300 ## - PHYSICAL DESCRIPTION
Extent 99 pages :
Other physical details illustrations ;
Dimensions 22 cm.
362 0# - DATES OF PUBLICATION AND/OR SEQUENTIAL DESIGNATION
Dates of publication and/or sequential designation Vol. 1, no. 1 (Oct. 1996)-
500 ## - GENERAL NOTE
General note Title from cover.
546 ## - LANGUAGE NOTE
Language note English and Tagalog.
650 #0 - SUBJECT ADDED ENTRY--TOPICAL TERM
Topical term or geographic name as entry element Filipinos
General subdivision Employment
Geographic subdivision Foreign countries
Form subdivision Periodicals.
650 #0 - SUBJECT ADDED ENTRY--TOPICAL TERM
Topical term or geographic name as entry element Foreign workers, Filipino
Form subdivision Periodicals.
651 #0 - SUBJECT ADDED ENTRY--GEOGRAPHIC NAME
Geographic name Philippines
General subdivision Emigration and immigration
Form subdivision Periodicals.
710 2# - ADDED ENTRY--CORPORATE NAME
Corporate name or jurisdiction name as entry element Friends of Filipino Migrant Workers.
906 ## - LOCAL DATA ELEMENT F, LDF (RLIN)
a 7
b cbc
c serials
d 3
e ncip
f 19
g n-oclcserc
942 ## - ADDED ENTRY ELEMENTS (KOHA)
Source of classification or shelving scheme Library of Congress Classification
Koha item type Books
Call number prefix Local
Holdings
Withdrawn status Lost status Source of classification or shelving scheme Damaged status Home library Current library Shelving location Date acquired Source of acquisition Sub Shelving location Total Checkouts Full call number Barcode Date last seen Price effective from Koha item type
    Library of Congress Classification   College Library College Library Filipiniana Section 06/04/2015 Library Fund     HD 8711 .P657 2000 C19542 05/08/2018 06/04/2015 Books

Pinoy overseas migration folio /

APA

Friends of Filipino Migrant Workers, . (2000). Pinoy overseas migration folio. Quezon City, Philippines: Kaibigan ng OCWs, Inc.

Chicago

Friends of Filipino Migrant Workers, . 2000. Pinoy overseas migration folio. Quezon City, Philippines: Kaibigan ng OCWs, Inc.

Harvard

Friends of Filipino Migrant Workers, . (2000). Pinoy overseas migration folio. Quezon City, Philippines: Kaibigan ng OCWs, Inc.

MLA

Friends of Filipino Migrant Workers, . Pinoy overseas migration folio. Quezon City, Philippines: Kaibigan ng OCWs, Inc. 2000.

  • Place hold
  • Print
  • Cite
  • Add to your cart (remove)
  • Save record
    BIBTEX Dublin Core MARCXML MARC (non-Unicode/MARC-8) MARC (Unicode/UTF-8) MARC (Unicode/UTF-8, Standard) MODS (XML) RIS
  • More searches
    Search for this title in:
    Other Libraries (WorldCat) Other Databases (Google Scholar) Online Stores (Bookfinder.com) Open Library (openlibrary.org)

Exporting to Dublin Core...

SOUTHVILLE LIBRARY

Southville International School and Colleges Library

1281 Tropical Ave. Cor. Luxembourg St., BF Homes International, Las Pinas City

Tel. No. 8256374 / 252358 Loc. 117/146

Powered by Koha